Film con maggiori incassi nella storia del cinema - Statistics

Statistiche generali
  • Questo quiz è stato fatto 298 volte
    128 dall'ultimo reset
  • Il punteggio medio è 7 su 23
Statistiche sulle risposte
Incasso ($) Anno di uscita del film Film % Corretto
2 923 710 708 2009 Avatar
93%
2 264 812 968 1997 Titanic
78%
2 799 439 100 2019 Avengers: Endgame
66%
1 520 538 536 2012 The Avengers
64%
2 052 415 039 2018 Avengers: Infinity War
48%
1 342 505 340 2011 Harry Potter e i Doni della Morte - Parte 2
43%
1 447 038 421 2023 Barbie
41%
2 071 310 218 2015 Star Wars - Il risveglio della Forza
33%
2 320 250 281 2022 Avatar - La via dell'acqua
31%
1 698 863 816 2024 Inside Out 2
29%
1 405 018 048 2015 Avengers: Age of Ultron
27%
1 921 426 073 2021 Spider-Man: No Way Home
26%
1 453 683 476 2019 Frozen II - Il segreto di Arendelle
21%
1 310 469 037 2018 Jurassic World - Il regno distrutto
19%
1 662 020 819 2019 Il re leone
16%
1 349 926 083 2018 Black Panther
15%
1 515 342 457 2015 Fast & Furious 7
11%
1 360 847 665 2023 Super Mario Bros. - Il film
10%
1 338 073 645 2024 Deadpool & Wolverine
5%
1 671 537 444 2015 Jurassic World
5%
2 215 690 000 2025 Nézhā zhī mótóng nàohǎi
4%
1 495 696 292 2022 Top Gun: Maverick
4%
1 334 407 706 2017 Star Wars - Gli ultimi Jedi
2%
Nessun quiz corrispondente trovato
Distribuzione punteggi
Percentuale di utenti per punteggio
Percentile per numero di risposta
I tuoi punteggi nel tempo
Non hai fatto questo quiz dall'ultimo reset